000 02485cam a22002174a 4500
005 20250605164122.0
008 250528s ||||||||||||||||||||||||d
035 _a18320
020 _a9603510785
040 _aGR-AtMCL
_bgre
_dGR-AtMCL
_eAACR2
245 1 _aΟικονομική της Εργασίας και Εργασιακές Σχέσεις
260 _bΣταμούλης Α,
_c1997
300 _a424
520 _aΜια ολοκληρωμένη προσπάθεια να καλυφθούν σε επιστημονικό επίπεδο οι κλάδοι των εργασιακών σχέσεων και της οικονομικής της εργασίας τόσο από τη θεωρητική όσο και την εφαρμοσμένη τους πλευρά. Εισαγωγή στη Θεωρία των Εργασιακών Σχέσεων και της Οικονομικής της Εργασίας, Η Οικονομική της Εργασίας, Εισαγωγή στη Θεωρία των Εργασιακών Σχέσεων, Εργατικό Δυναμικό και Απασχόληση και Ανεργία και Πληθωρισμός, Οι Επιπτώσεις της Νέας Τεχνολογίας στην Απασχόληση, Εργατικός Μισθός και Απασχόληση, Οι Συνδικαλιστικές Οργανώσεις και οι Συλλογικές Διαπραγματεύσεις, Ο Θεσμός της Συμμετοχής, Ειδικά Θέματα Εργασιακών Σχέσεων, Θέματα Εργασιακών Σχέσεων και Οικονομικής της Εργασίας στην Ελλάδα, Εργατικό Δυναμικό και Απασχόληση και Ανεργία στην Ελλάδα, Απασχόληση και Ανεργία στην Ελλάδα, Το Ελληνικό Σύστημα Εργασιακών Σχέσεων, Θεσμικό Πλαίσιο Εργασιακών Σχέσεων και Συλλογικές Διαπραγματεύσεις στην Ελλάδα, Συλλογικές Συμβάσεις και Συλλογικές Διαφορές Εργασίας, Ο Ελληνικός Συνδικαλισμός, Βιβλιογραφία.
700 1 _aΚατσανέβας Θόδωρος
_94593
700 1 _aΤζεκίνης Χρήστος
_94594
700 1 _aΧατζηχαρίτου Ελένη
_94595
942 _cBK
999 _c3683
_d3683